Mengenalpasti keperluan latihan dalam perkhidmatan bagi pengetua dalam pengurusan kewangan di bahagian Sri Aman dan Sarikei, Sarawak /
Saved in:
| 主要作者: | |
|---|---|
| 格式: | Thesis 图书 |
| 语言: | Malay |
| 出版: |
2002.
|
| 主题: | |
| 标签: |
添加标签
没有标签, 成为第一个标记此记录!
|
| LEADER | 01163cam a2200265 a 4500 | ||
|---|---|---|---|
| 001 | u730144 | ||
| 003 | SIRSI | ||
| 005 | 200611071500 | ||
| 008 | 061107s2002 my a t 00 0 may m | ||
| 040 | |a UMK |d UMD |e rda | ||
| 043 | |a a-my-sr | ||
| 098 | |a LB2831.9 |b UM 2002 Lou | ||
| 100 | 1 | 0 | |a Louis Simon Peter. |
| 245 | 1 | 0 | |a Mengenalpasti keperluan latihan dalam perkhidmatan bagi pengetua dalam pengurusan kewangan di bahagian Sri Aman dan Sarikei, Sarawak / |c Louis Simon Peter. |
| 260 | |c 2002. | ||
| 300 | |a xiii, 181 leaves : |b ill. ; |c 30 cm. | ||
| 502 | |a Dissertation (M.Princ.) -- Institut Pengajian Kepengetuaan, Universiti Malaya, 2002. | ||
| 504 | |a Bibliography: leaves 134-139. | ||
| 650 | 0 | |a School principals |x In-service training |z Sarawak. | |
| 650 | 0 | |a Education |z Sarawak |x Finance. | |
| 650 | 0 | |a School budgets |z Sarawak |x Management. | |
| 710 | 2 | 0 | |a Universiti Malaya. |b Institut Pengajian Kepengetuaan. |
| 596 | |a 8 19 | ||
| 999 | |a LB2831.9 UM 2002 LOU |w LC |c 1 |i A511795918 |d 15/12/2006 |f 15/12/2006 |g 1 |l STACKS |m P19KOTA |r Y |s Y |t TESIS |u 7/11/2006 | ||
| 999 | |a LB2831.9 UM 2002 LOU |w LC |c 1 |i A517315784 |f 16/12/2019 |g 1 |l STACKS |m P08PENDIDI |r Y |s Y |t TESIS |u 16/12/2019 |1 AHSS | ||
